000 00412nam a2200181Ia 4500
001 23774
005 20260414150959.0
008 260414t1994||||xx |||||||||||||| ||spa||
041 _aESP
082 _a709
_bH59 T. 6
100 _aGowing, Lawrence
_eAUT
245 0 _aHistoria universal del arte
_b
260 _c1994
300 _a
_c28 cm.
650 _aABD
654 _aCAU
942 _cLIB
_dJUS
_fJUS
_2ddc
_n
999 _c23774
_d23774